|
|
|
|
| LEADER |
00000nab a2200000 ar4500 |
| 001 |
vtls009357285 |
| 003 |
SK-MaSNL |
| 005 |
20260303204131.0 |
| 008 |
081105c2008 xo mr|p|||||||000 b|slo |
| 038 |
|
|
|a PPPK
|
| 040 |
|
|
|a PPPKCL
|b slo
|c PPPK
|e AACR2
|
| 041 |
0 |
|
|a slo
|
| 044 |
|
|
|a xo
|c SK
|
| 080 |
|
|
|a 595.768.2
|2 2001
|
| 080 |
|
|
|a 630*41
|2 2001
|
| 100 |
1 |
|
|a Kováčiková, Mira,
|d 1964-
|4 aut
|9 101018
|
| 245 |
1 |
0 |
|a Bude lykožrút ďalej jablkom sváru?
|c text a foto: Mira Kováčiková
|
| 300 |
|
|
|b Fotogr.
|
| 545 |
1 |
|
|a Názov časopisu do aprĺa 2007: Popradčan : mesačník obyvateľov mesta Poprad
|
| 610 |
2 |
7 |
|a Správa Tatranského národného parku (Tatranská Štrba, Slovensko)
|2 pppkcl
|9 167992
|
| 648 |
|
7 |
|a 2007
|2 pppkcl
|9 313226
|
| 650 |
0 |
7 |
|a lykožrút smrekový
|2 pppkcl
|9 20877
|
| 650 |
0 |
7 |
|a poškodenie lesa
|2 pppkcl
|9 59129
|
| 650 |
0 |
7 |
|a ochrana lesa
|2 pppkcl
|9 2455
|
| 651 |
|
7 |
|a Tatranský národný park (Slovensko)
|2 pppkcl
|9 106968
|
| 651 |
|
7 |
|a Vysoké Tatry (Poľsko a Slovensko : pohorie)
|2 pppkcl
|9 67729
|
| 700 |
1 |
|
|a Kováčiková, Mira,
|d 1964-
|4 pht
|4 aut
|9 101018
|
| 773 |
0 |
|
|t Popradčan / Tatranec : mesačník obyvateľov Popradu a Vysokých Tatier
|g Roč. I, č. 7 (2007), s. 12-13
|
| 852 |
|
|
|a PPPK
|b KIS3GCP
|
| 999 |
|
|
|c 2188591
|d 2190521
|